The contribution of amenities to rural development
Saved in:
| Corporate Author: | |
|---|---|
| Format: | Book |
| Language: | English |
| Published: |
Paris :
Organisation for Economic Co-operation and Development,
c1994
|
| Subjects: | |
| Tags: |
Add Tag
No Tags, Be the first to tag this record!
|
MARC
| LEADER | 00000nam a2200000 i 4500 | ||
|---|---|---|---|
| 001 | 1/5015 | ||
| 008 | 960513s1994 i eng d | ||
| 020 | |a 92-64-14164-2 | ||
| 035 | |l 10015858 | ||
| 040 | |a GR-MY-UA |b gre |e aacr | ||
| 041 | 0 | |a eng | |
| 082 | 0 | |a 307.1412 | |
| 245 | 1 | 4 | |a The contribution of amenities to rural development / |c Organisation for Economic co-operation and Development |
| 260 | |a Paris : |b Organisation for Economic Co-operation and Development, |c c1994 | ||
| 300 | |a 87 p.; |c 23 cm | ||
| 504 | |a Includes bibliographical references | ||
| 650 | 0 | 0 | |a Rural development. |
| 650 | 0 | 0 | |a Rural renewal. |
| 710 | 2 | |a Organisation for Economic Co-operation and Development. | |
| 852 | |a INST |b LESVOS |e 19960513 |h 307.1412 CON |p 005100010315 |q 005100010315 |t BK |y 0 | ||
| 909 | |a Λ |b 036291 | ||